Test de percepción visual no motriz: TPVNM

Guardat en:
Dades bibliogràfiques
Autors principals: Colarusso, Ronald P (Autor), Hammill, Donald P (Autor)
Format: Llibre
Idioma:espanyol
Publicat: Buenos Aires Panamericana 1980
Matèries:
Etiquetes: Afegir etiqueta
Sense etiquetes, Sigues el primer a etiquetar aquest registre!

MARC

LEADER 00000nam a2200000 a 4500
001 UCY6072
003 CL-VaPUC
008 950521e19800000AG |||||||||||||||||spa|d
082 0 4 |a 150.287  |b COL  |2 21 
100 0 |a Colarusso, Ronald P  |e author  |9 335671 
700 0 |a Hammill, Donald P  |e author  |9 335672 
245 1 0 |a Test de percepción visual no motriz: TPVNM 
300 |a 77 p 
942 |c BK 
945 |d 19950521 00:00:00  |a mfernand 
260 |a Buenos Aires  |b Panamericana  |c 1980 
650 0 |a Percepción visual  |9 267039 
650 0 |a Pruebas psicológicas  |9 307459 
650 7 |a PSICOLOGIA EXPERIMENTAL  |2 CL-VaPUC  |9 309015 
650 7 |a INVESTIGACION PSICOLOGICA  |2 CL-VaPUC  |9 309030 
583 |a last modification  |c 19950521 00:00:00  |k Rodrigo Vera 
999 |c 233655  |d 233653 
952 |0 0  |1 0  |4 0  |6 150_287000000000000_COL_1980  |7 0  |8 P  |9 239321  |a BIBEDU  |b BIBEDU  |c BIBEDU_PB  |d 2019-11-18  |i 1505734  |o 150.287 COL 1980  |p 1505734  |r 2024-01-25  |w 2019-11-18  |y BK  |k EDU